Ameryka Północna - kraje - Statystyki

Ogólne statystyki
  • Ten quiz został rozwiązany 7 592 razy
  • Średni wynik to 10 z 21
Odpowiedzi na mapie
Odpowiedzi zakodowano w zielono-czerwonej skali na mapie do tego quizu, zgodnie z poniższymi procentami.
 
Statystyki odpowiedzi
Odpowiedź % Poprawnych
Meksyk
88%
USA
88%
Kanada
85%
Panama
61%
Kuba
57%
Haiti
50%
Dominikana
49%
Bahamy
48%
Kostaryka
48%
Gwatemala
46%
Belize
44%
Jamajka
44%
Nikaragua
44%
Honduras
41%
Saint Vincent i Grenadyny
27%
Saint Lucia
26%
Saint Kitts i Nevis
25%
Barbados
24%
Antigua i Barbuda
22%
Dominika
21%
Grenada
20%
Nie znaleziono quizów pasujących do podanych kryteriów
Rozkład punktacji
Procent ludzi z każdym wynikiem
Percentyl według liczby udzielonych odpowiedzi
Twoja historia wyników
Nie rozwiązałeś tego quizu